[Event "Floripa Chess Open 2024"]
[Site "Florianopolis"]
[Date "2024.01.27"]
[Round "9.124"]
[White "Santos, Caua Lopes"]
[Black "De Sousa, Alex Aecio"]
[Result "0-1"]
[WhiteElo "1290"]
[BlackElo "1742"]
[PlyCount "68"]
[EventDate "2024.01.20"]
[EventRounds "10"]
[EventCountry "BRA"]

1. e4 c5 2. Nf3 g6 3. Bc4 Bg7 4. c3 Nc6 5. O-O Na5 6. Bb5 ({RR} 6. Be2 Nf6 7.
e5 Nd5 8. d4 cxd4 9. Qxd4 Nc7 10. Qh4 h6 11. Qg3 Nc6 12. Re1 b6 13. Bc4 Bb7 14.
Na3 Qc8 15. Bd2 Na5 16. Be2 Ne6 17. c4 Nc6 18. Rad1 h5 19. h4 O-O 20. Nb5 Rd8 {
Georgiev,K (2475)-Pavlovic,M (2455) Ano Liosia 1993 0-1 (32)}) ({RR} 6. Be2 Nf6
7. e5 Nd5 8. d4 cxd4 9. Qxd4 Nc7 10. Qh4 Ne6 11. Bh6 Bxh6 12. Qxh6 Qc7 13. Nbd2
Nc6 14. Nc4 b6 15. Rfd1 Ba6 16. Nd6+ exd6 17. Bxa6 dxe5 18. Rd5 e4 19. Ng5 Ne7
20. Nxh7 Rxh7 {Jonsson,G (2071)-Plat,V (2554) Pardubice CZE 2022 0-1}) 6... a6
7. Ba4 b5 8. Bc2 c4 $146 ({RR} 8... Bb7 9. d4 cxd4 10. Nxd4 Nf6 11. Re1 O-O 12.
Bg5 Re8 13. Nd2 Rc8 14. a4 Rc5 15. Be3 Rh5 16. axb5 axb5 17. Ne2 Nc4 18. Bd4
Nxd2 19. Qxd2 Bh6 20. Be3 Bxe3 21. Qxe3 Rxh2 22. Nf4 Ng4 23. Qg3 {Jakab,B  
(2093)-Valovic,S (1963) Slovakia 2017 1-0 (33)}) 9. b3 Bb7 10. Na3 Nf6 11. Re1
O-O 12. Rb1 cxb3 13. axb3 Rc8 14. Bb2 d5 15. e5 Ne4 16. Re3 Bh6 17. Re1 Qb6 18.
Bxe4 dxe4 19. Nd4 Bg7 20. f3 exf3 21. gxf3 Nc6 22. f4 Nxd4 23. cxd4 Qc6 24. Re2
Qh1+ 25. Kf2 Qxh2+ 26. Kf1 Qxf4+ 27. Rf2 Qg3 28. Ke1 Be4 29. Rc1 Bd3 30. Qf3
Qg1+ 31. Rf1 Bxf1 32. Qxf1 Qxf1+ 33. Kxf1 Rxc1+ 34. Bxc1 Bh6 0-1

[Event "Floripa Chess Open 2024"]
[Site "Florianopolis"]
[Date "2024.01.27"]
[Round "9.125"]
[White "Predebon, Eduardo Angonesi"]
[Black "Montini, Thiago De Lima Mill"]
[Result "1-0"]
[WhiteElo "1742"]
[BlackElo "1800"]
[PlyCount "89"]
[EventDate "2024.01.20"]
[EventRounds "10"]
[EventCountry "BRA"]

1. e4 c6 2. d4 d5 3. f3 dxe4 4. fxe4 e5 5. Nf3 Bg4 6. Bc4 Bxf3 7. Qxf3 Nf6 8.
c3 ({RR} 8. dxe5 Qa5+ 9. Nc3 Qxe5 10. Bf4 Qd4 11. e5 Qxc4 12. exf6 Nd7 13. Qe3+
Qe6 14. Qxe6+ fxe6 15. fxg7 Bxg7 16. Ne4 O-O 17. Bd6 Rf5 18. O-O-O Nf6 19. b3
Nd5 20. Rd3 a5 21. Re1 a4 22. b4 b5 {Virovlansky,S (2410)-Atalik,E (2336)
Nizhnij Novgorod 1999 1-0 (42)}) ({RR} 8. dxe5 Qa5+ 9. Nc3 Qxe5 10. Bf4 Qd4 11.
Bb3 Bb4 12. Bd2 Nbd7 13. O-O-O O-O 14. Bf4 Qc5 15. Kb1 Ne5 16. Qg3 Bxc3 17.
Qxc3 Qxc3 18. bxc3 Ng6 19. Bd6 Rfe8 20. Rhf1 Rxe4 21. h3 Rc8 22. g4 h6 {
Sakmak,K (2017)-Daghan,D (2069) Mersin TUR 2023 0-1 (37)}) 8... Nbd7 9. O-O
$146 ({RR} 9. Be3 Bd6 10. Nd2 Qe7 11. O-O b5 12. Bd3 O-O 13. Kh1 a6 14. Bg5 c5
15. d5 c4 16. Be2 h6 17. Bh4 g5 18. Bf2 Kg7 19. Rfd1 Rh8 20. Nf1 Nc5 21. Ng3
Qd8 22. Rf1 g4 23. Qf5 Ncd7 {Khukhashvili,S (2438)-Khurtsilava,I (2303)
Tbilisi 2010 1-0 (31)}) 9... Be7 10. Be3 O-O 11. Nd2 Re8 12. Qg3 Qc7 13. Bh6
Bf8 14. Rf5 Qd6 15. Bxg7 Bxg7 16. Rg5 Qf8 17. Rf1 Kh8 18. dxe5 Bh6 19. exf6
Bxg5 20. Qxg5 Qc5+ 21. Qxc5 Nxc5 22. Bxf7 Rf8 23. Bc4 Nd7 24. f7 Ne5 25. Bb3
Kg7 26. Nf3 Nxf7 27. Nd4 Rae8 28. Ne6+ Rxe6 29. Bxe6 Ne5 30. Rxf8 Kxf8 31. Kf2
Nd3+ 32. Ke3 Nxb2 33. Bb3 a5 34. Kd4 a4 35. Bc2 Ke7 36. Kc5 b5 37. Kxc6 Nc4 38.
Kc5 Ne3 39. Bd3 Nxg2 40. Kxb5 Nf4 41. Bc4 h5 42. Kxa4 h4 43. Kb5 Kf6 44. a4 Ng6
45. Bd5 1-0

[Event "Floripa Chess Open 2024"]
[Site "Florianopolis"]
[Date "2024.01.27"]
[Round "9.127"]
[White "Fonseca, Guilherme"]
[Black "Cabral, Vinicius Albuquerqu"]
[Result "1-0"]
[WhiteElo "1820"]
[BlackElo "1734"]
[PlyCount "72"]
[EventDate "2024.01.20"]
[EventRounds "10"]
[EventCountry "BRA"]

1. c4 e5 2. Nc3 Nc6 3. g3 Nf6 4. Bg2 Bc5 5. e3 d6 6. Nge2 a6 7. h3 ({RR} 7. O-O
O-O 8. d4 Ba7 9. h3 h6 10. b3 Re8 11. Bb2 exd4 12. Nxd4 Ne5 13. Nf3 Ng6 14. Nd5
Nxd5 15. cxd5 Bf5 16. Rc1 Qd7 17. Kh2 Be4 18. Bd4 Bxd5 19. Bxg7 Bxf3 20. Qxf3
Kxg7 21. Qxb7 Bb6 {Zvjaginsev,V (2659)-Najer,E (2633) Khanty-Mansiysk 2013 0-1
(50)}) 7... Be6 $146 ({RR} 7... O-O 8. O-O Ba7 9. a3 Be6 10. Nd5 Ne8 11. Kh2
Qd7 12. b3 Rb8 13. Bb2 b5 14. cxb5 Rxb5 15. Nec3 Rb8 16. b4 Nd8 17. Ne2 a5 18.
d4 c6 19. Ndc3 exd4 20. exd4 Bc4 21. Qd2 d5 22. Rfe1 {Gagare,S (2366)-Abdulla,
A (2513) Nagpur 2012 1-0 (40)}) ({RR} 7... Ba7 8. O-O O-O 9. b3 Bd7 10. Bb2 Rb8
11. Rc1 Ne7 12. d3 Ng6 13. Qd2 Re8 14. Ne4 Nh5 15. N4c3 b5 16. Nd5 c6 17. Nb4
Qa5 18. Rfd1 Ne7 19. g4 bxc4 20. Bc3 Qd8 21. dxc4 Nf6 22. Qxd6 {Martinez
Alcantara,J (2561)-Noboa,K (2256) Barcelona ESP 2018 1-0 (40)}) ({RR} 7... O-O
8. d4 exd4 9. exd4 Ba7 10. O-O Re8 11. Be3 Bd7 12. Kh2 Na5 13. b3 c6 14. Qd3 b5
15. Rac1 bxc4 16. bxc4 Kh8 17. Bf4 Qc8 18. g4 h5 19. Ne4 Nxe4 20. Bxe4 Bb8 21.
d5 Nb7 22. f3 {Rodriguez Chaverri,D (2066)-Arias,M (2267) San Jose 2002 0-1})
8. d4 exd4 9. exd4 Nxd4 10. Nxd4 Bxc4 11. Bxb7 O-O 12. b3 Be6 13. Be3 Qb8 14.
Bg2 Qb4 15. Nde2 Bxe3 16. fxe3 Rae8 17. O-O Qa5 18. Qd4 Bd7 19. Nf4 Re5 20. b4
Qa3 21. Rab1 c5 22. bxc5 Rxc5 23. Ncd5 Nxd5 24. Bxd5 Rxd5 25. Qxd5 Qxe3+ 26.
Kh2 h6 27. Qf3 Qc5 28. Rbc1 Qb5 29. Ng6 Qb2+ 30. Kh1 Bxh3 31. Nxf8 Bxf1 32.
Rxf1 Qxa2 33. Nd7 Qe6 34. Qf5 Qc4 35. Qf3 Qe6 36. Qa8+ Kh7 1-0

[Event "Floripa Chess Open 2024"]
[Site "Florianopolis"]
[Date "2024.01.27"]
[Round "9.129"]
[White "El Zwei, Aiman Mohamed"]
[Black "Panazzolo, Paulo Victor"]
[Result "0-1"]
[WhiteElo "1800"]
[BlackElo "1730"]
[PlyCount "88"]
[EventDate "2024.01.20"]
[EventRounds "10"]
[EventCountry "BRA"]

1. e4 e5 2. Nf3 Nc6 3. Bb5 a6 4. Bxc6 dxc6 5. O-O Bg4 6. h3 h5 7. d3 Bxf3 8.
Qxf3 Qf6 9. Nd2 O-O-O 10. Qxf6 Nxf6 11. Nf3 Bd6 12. Bg5 c5 $146 ({RR} 12...
Rde8 13. Bxf6 gxf6 14. Nh4 Rhg8 15. g3 Rg5 16. Nf5 Rd8 17. Kg2 Rh8 18. h4 Rg6
19. Rad1 Re8 20. Kh3 c5 21. f3 Reg8 22. Rg1 Kd7 23. Rg2 Ke6 24. Rdg1 b5 25. g4
hxg4+ 26. Rxg4 Rxg4 27. Rxg4 {Arizmendi Martinez,J (2430)-Serrano Marhuenda,S 
(2230) Aragon 1997 1-0 (48)}) ({RR} 12... Rde8 13. Bxf6 gxf6 14. Nh4 Rhg8 15.
g3 c5 16. Kg2 c6 17. a4 b6 18. Nf5 Bc7 19. Kf3 Kd7 20. Rg1 Rg6 21. Rg2 Ke6 22.
b3 Rh8 23. h4 Rhg8 24. Ne3 Bd8 25. Rag1 Be7 26. g4 Bf8 27. gxh5 {Moen,A (2331)
-Levang,P (1863) Drammen 2010 1-0 (34)}) 13. Nh4 Rde8 14. Bxf6 gxf6 15. Nf5
Rhg8 16. Kh2 Rg6 17. Rg1 Reg8 18. f3 b5 19. g4 hxg4 20. Rxg4 Rxg4 21. fxg4 Kd7
22. Kg3 Ke6 23. h4 c6 24. a4 Ra8 25. axb5 cxb5 26. h5 a5 27. c4 b4 28. h6 Bc7
29. b3 Rd8 30. Rd1 Rh8 31. Kf3 Ra8 32. Ra1 Rd8 33. Ke2 Rg8 34. Rh1 Rh8 35. Ne3
Bd6 36. Nd5 Bf8 37. h7 Be7 38. Rh6 Kd7 39. Kf3 Ke8 40. Kg2 Kf8 41. Nxf6 Kg7 42.
Ng8 f6 43. Kf2 Bd8 44. g5 Rxh7 0-1

[Event "Floripa Chess Open 2024"]
[Site "Florianopolis"]
[Date "2024.01.27"]
[Round "9.132"]
[White "Carmo, Jose Arlindo"]
[Black "Fraga, Heitor Carneiro"]
[Result "0-1"]
[WhiteElo "1541"]
[BlackElo "1839"]
[PlyCount "60"]
[EventDate "2024.01.20"]
[EventRounds "10"]
[EventCountry "BRA"]

1. e4 c5 2. Nf3 d6 3. d4 cxd4 4. Nxd4 Nf6 5. Nc3 a6 6. Nb3 e5 7. Bg5 Be6 8. f3
Nbd7 9. Qd3 $146 ({RR} 9. Qd2 Be7 10. O-O-O b5 11. h4 Rc8 12. Kb1 h6 13. Be3
Nb6 14. g4 Nfd7 15. Be2 Qc7 16. Rc1 Nc4 17. Bxc4 bxc4 18. Na1 Rb8 19. Nd5 Bxd5
20. Qxd5 Nf6 21. Qd1 c3 22. b3 d5 23. g5 Qa5 {Silva Nazzari,R-O'Kelly de
Galway,A Lugano 1968 0-1}) ({RR} 9. Qd2 Qc7 10. g4 b5 11. a4 b4 12. Nd5 Bxd5
13. exd5 Be7 14. O-O-O O-O 15. Bxf6 Nxf6 16. Kb1 Rfc8 17. g5 Nd7 18. Bh3 a5 19.
f4 Re8 20. Rhf1 Bf8 21. fxe5 Nxe5 22. Qf4 g6 23. Nd4 Bg7 {Wohl,A (2440)
-Feldman,V (2330) Gold Coast 1999 0-1 (36)}) ({RR} 9. Qd2 Be7 10. O-O-O b5 11.
Kb1 h6 12. Be3 Qc7 13. g4 Nb6 14. Qf2 Nfd7 15. Nd5 Bxd5 16. exd5 Nc4 17. Bc1
Rc8 18. Bd3 g6 19. h4 Bf8 20. f4 Bg7 21. f5 O-O 22. g5 h5 23. Qe2 e4 {Sa,A  
(1975)-Caporale,G (1746) Sao Paulo 2014 1-0 (45)}) ({RR} 9. Bd3 h6 10. Bh4 Be7
11. O-O b5 12. Qe2 O-O 13. f4 exf4 14. Bxf6 Bxf6 15. Rxf4 Be5 16. Rff1 Qb6+ 17.
Kh1 Nf6 18. a4 b4 19. a5 Qc6 20. Na4 Rae8 21. Bxa6 Bd7 22. Bd3 d5 23. exd5 Qxd5
{Pisa Ferrer,J-McGregor,D Schilde 1973 1-0 (33)}) 9... Be7 10. O-O-O h5 11. h4
Qc7 12. Kb1 b5 13. Nd5 Bxd5 14. exd5 Rc8 15. c3 Nb6 16. Bxf6 Bxf6 17. Nd2 Nc4
18. Ne4 Be7 19. Ng3 g6 20. Be2 Qb6 21. Rhg1 Bxh4 22. Ne4 f5 23. g3 fxe4 24.
fxe4 Bg5 25. b3 b4 26. cxb4 Na3+ 27. Ka1 Qxb4 28. Rgf1 Rc3 29. Qxa6 Rc1+ 30.
Kb2 Rc2+ 0-1

[Event "Floripa Chess Open 2024"]
[Site "Florianopolis"]
[Date "2024.01.27"]
[Round "9.133"]
[White "Trombini, Fabio"]
[Black "Mariani, Kim Paul"]
[Result "1-0"]
[WhiteElo "1822"]
[BlackElo "1530"]
[PlyCount "43"]
[EventDate "2024.01.20"]
[EventRounds "10"]
[EventCountry "BRA"]

1. e4 c5 2. Nf3 e6 3. d4 cxd4 4. Nxd4 a6 5. Bd3 Qc7 6. O-O Nf6 7. Qe2 d6 8. Be3
({RR} 8. Bd2 g6 9. c4 Bg7 10. Nc3 O-O 11. Kh1 b6 12. b4 Bb7 13. Nb3 Nbd7 14. f4
Rfe8 15. Rac1 Rac8 16. a4 Qb8 17. a5 bxa5 18. Nxa5 Ba8 19. Rb1 Nh5 20. Bc2 d5
21. e5 Nxe5 22. fxe5 Bxe5 {Brooks,M (2508)-Stripunsky,A (2553) Oklahoma 2004
0-1 (34)}) 8... Nbd7 9. Nc3 ({RR} 9. Nd2 Be7 10. a4 b6 11. Rfc1 Bb7 12. c4 Nc5
13. f3 Nxd3 14. Qxd3 O-O 15. a5 bxa5 16. N2b3 a4 17. Rxa4 Nd7 18. Raa1 Rfc8 19.
Na5 Rab8 20. b4 Bf6 21. Qd2 Be5 22. Rab1 Ba8 23. b5 Bxd4 {Van Foreest,M (2344)
-Gomes,M (2332) Groningen NED 2023 0-1 (43)}) 9... b6 $146 ({RR} 9... Be7 10.
f4 b5 11. a3 Bb7 12. Rad1 Rc8 13. Bxb5 axb5 14. Ndxb5 Qc4 15. Qe1 Nxe4 16. Rd4
Qc6 17. Rxe4 Nc5 18. Na7 Qa6 19. Nxc8 Nxe4 20. Nxe7 Kxe7 21. f5 Qc6 22. Qh4+
Nf6 23. Qf2 e5 24. Bg5 {Neduchal,Z-Donnert,M Prague 1968 0-1}) ({RR} 9... b5
10. a4 b4 11. Na2 d5 12. Bd2 Qb6 13. c3 dxe4 14. Bxe4 Nxe4 15. Qxe4 Bb7 16. Qe2
Be7 17. Be3 bxc3 18. Nxc3 Qa5 19. Rfd1 Nf6 20. Rab1 O-O 21. b4 Qc7 22. Rdc1 Qd7
23. a5 Rfc8 24. b5 {Zhirnov,A-Zhesterev,A Kiev 2002 0-1 (47)}) 10. f4 Bb7 11.
Nb3 Nc5 12. Nxc5 bxc5 13. Bf2 Be7 14. e5 dxe5 15. fxe5 Nd5 16. Nxd5 exd5 17. e6
O-O 18. Bg3 Bd6 19. Rxf7 Rxf7 20. exf7+ Kf8 21. Re1 Bc6 22. Bxh7 1-0

[Event "Floripa Chess Open 2024"]
[Site "Florianopolis"]
[Date "2024.01.27"]
[Round "9.134"]
[White "Ulrich, Henning"]
[Black "Guimaraes, Victor Carib Crosla"]
[Result "1-0"]
[WhiteElo "1822"]
[BlackElo "1522"]
[PlyCount "61"]
[EventDate "2024.01.20"]
[EventRounds "10"]
[EventCountry "BRA"]

1. d4 Nf6 2. c4 g6 3. Nc3 d5 4. Bf4 Bg7 5. e3 c6 6. h3 ({RR} 6. Rc1 Be6 7. Qb3
Qb6 8. c5 Qxb3 9. axb3 Nbd7 10. h3 O-O 11. Nf3 Ne4 12. Na4 f6 13. Bd3 Bf7 14.
Bh2 Rae8 15. Ke2 e5 16. dxe5 f5 17. Bb1 Nxe5 18. Nd4 Re7 19. Rhd1 Rfe8 20. Kf1
Nd7 {Abbasov,F (2443)-Neverov,V (2556) Abu Dhabi 2006 0-1 (51)}) 6... Be6 ({RR
} 6... O-O 7. Rc1 Be6 8. c5 b6 9. b4 a5 10. Na4 Nbd7 11. b5 cxb5 12. Bxb5 bxc5
13. dxc5 Nh5 14. Bh2 Be5 15. f4 Bc7 16. Nf3 Qb8 17. Nd4 Nxf4 18. exf4 Bxf4 19.
Bxf4 Qxf4 20. Qd2 Qe4+ 21. Kd1 {Bulatova,K (1912)-Novikova,G (2121) Moscow
2017 0-1 (44)}) 7. cxd5 $146 ({RR} 7. c5 b6 8. b4 Nfd7 9. Rc1 a5 10. a3 axb4
11. axb4 bxc5 12. bxc5 O-O 13. Nf3 f6 14. Be2 Bf7 15. O-O e5 16. Bh2 Na6 17.
Qa4 Naxc5 18. Qxc6 Rc8 19. Qd6 Nb3 20. Rc2 e4 21. Bb5 Nb6 {Falcon,E-Bolbochan,
J Buenos Aires 1938 1-0 (74)}) ({RR} 7. Qb3 Qb6 8. c5 Qxb3 9. axb3 Nbd7 10. b4
Ne4 11. Nge2 g5 12. Bh2 Bf5 13. b5 O-O 14. bxc6 bxc6 15. Na4 Rfe8 16. f3 Nef6
17. Kf2 e5 18. dxe5 Nxe5 19. Nd4 Bd7 20. Bxe5 Rxe5 21. Nb6 Rae8 {Shkliar,A  
(2262)-Naumov,V Kazan 2003 1/2-1/2 (32)}) 7... Nxd5 8. Nge2 Nxf4 9. Nxf4 Bc8
10. Bc4 O-O 11. O-O e5 12. dxe5 Qxd1 13. Raxd1 Bxe5 14. Nfe2 Nd7 15. Nd4 Nb6
16. Bb3 Bd7 17. Rd2 Rad8 18. Rfd1 Bc7 19. Ne4 Bc8 20. a4 Kg7 21. a5 Nd5 22. a6
Ba5 23. axb7 Bf5 24. Nxc6 Bxd2 25. Nxd2 Nb6 26. Nxd8 Rxd8 27. Ra1 Rb8 28. Rxa7
Bd7 29. Nc4 Nxc4 30. Bxc4 Bc6 31. Ba6 1-0

[Event "Floripa Chess Open 2024"]
[Site "Florianopolis"]
[Date "2024.01.27"]
[Round "9.135"]
[White "Cavalcante, Rodrigo Moreira"]
[Black "Santiago, Mauro"]
[Result "1-0"]
[WhiteElo "1801"]
[BlackElo "1516"]
[PlyCount "53"]
[EventDate "2024.01.20"]
[EventRounds "10"]
[EventCountry "BRA"]

1. e4 e5 2. Nf3 Nc6 3. Bb5 a6 4. Ba4 d6 5. O-O Nf6 6. Bxc6+ bxc6 7. Qe2 $146 ({
RR} 7. d3 g6 8. Nc3 c5 9. h3 Bg7 10. Be3 Rb8 11. Rb1 h6 12. Nh2 g5 13. g4 Be6
14. b3 Ng8 15. Ne2 h5 16. Ng3 hxg4 17. hxg4 Qf6 18. f3 Qh6 19. Rf2 Qg6 20. Nhf1
Ne7 21. c3 Nc6 {MacDonnell,G-Wisker,J London 1874 1/2-1/2 (72)}) ({RR} 7. Re1
Bg4 8. h3 Bxf3 9. Qxf3 Be7 10. d3 O-O 11. Nd2 Nd7 12. Nc4 Nc5 13. Qg4 g6 14.
Bh6 f5 15. Qe2 Rf7 16. exf5 Rxf5 17. d4 Ne6 18. dxe5 d5 19. Rad1 Bc5 20. Be3
Qf8 21. Bxc5 Qxc5 {Grischuk,A (2763)-Alonso Rosell,A (2571) http://www.
chessbomb.com 2021 1-0 (31)}) ({RR} 7. Re1 c5 8. c3 Be7 9. d4 cxd4 10. cxd4 O-O
11. Nc3 Bb7 12. Bg5 Nd7 13. Be3 Bf6 14. Qc2 Re8 15. d5 Nf8 16. Qb3 Qb8 17. Nd2
Bc8 18. Qc2 Bd7 19. Nc4 Qb4 20. b3 Reb8 21. Rab1 Qb7 {Boudre,J (2263)
-Vucenovic,D (2161) Prague CZE 2021 1-0 (44)}) ({RR} 7. Nc3 c5 8. d3 h6 9. h3
g5 10. Nh2 Be6 11. g4 Nd7 12. Qf3 Bg7 13. Ne2 Nf8 14. Ng3 Ng6 15. Nh5 Kf8 16.
Bd2 Nf4 17. Nxg7 Kxg7 18. Bxf4 gxf4 19. Qg2 Qe7 20. Nf3 Rag8 21. Rfb1 Kh7 {
Malta,J-Benima,L The Hague 1885 1/2-1/2}) ({RR} 7. Re1 c5 8. c3 Be7 9. d4 cxd4
10. cxd4 exd4 11. Nxd4 Bd7 12. Nc3 O-O 13. Bf4 Rb8 14. Qd2 Re8 15. Rac1 c5 16.
Nde2 Qb6 17. b3 Rbd8 18. Be3 Qb7 19. f3 Bc6 20. Nf4 a5 21. Red1 Ra8 {Gunsberg,
I-Pillsbury,H Monte Carlo 1902 1/2-1/2 (41)}) 7... Be7 8. d4 exd4 9. Nxd4 Bd7
10. f4 c5 11. Nf3 d5 12. exd5 Nxd5 13. Qe5 Nf6 14. Re1 Kf8 15. Nc3 Bd6 16. Qe2
Bg4 17. h3 Bxf3 18. Qxf3 Rb8 19. b3 g6 20. Bb2 Rg8 21. Rad1 Qd7 22. Na4 Nh5 23.
g4 Ng7 24. Kg2 Qb5 25. c4 Qb7 26. Qxb7 Rxb7 27. Nxc5 1-0

[Event "Floripa Chess Open 2024"]
[Site "Florianopolis"]
[Date "2024.01.27"]
[Round "9.136"]
[White "Vieira, Luana Saddi"]
[Black "Zabala, Antonio Murara"]
[Result "0-1"]
[WhiteElo "1501"]
[BlackElo "1797"]
[PlyCount "58"]
[EventDate "2024.01.20"]
[EventRounds "10"]
[EventCountry "BRA"]

1. e4 c5 2. c3 d5 3. exd5 Qxd5 4. d4 Nc6 5. Nf3 Bg4 6. Be2 e6 7. O-O Nf6 ({RR} 
7... O-O-O 8. h3 Bh5 9. Be3 Be7 10. dxc5 Nf6 11. b4 Qf5 12. Qa4 Ne4 13. Re1 Kb8
14. b5 Ne5 15. Nd4 Rxd4 16. cxd4 Bh4 17. f3 Bxe1 18. dxe5 Qxe5 19. Qd4 Bg3 20.
Na3 Bh2+ 21. Kf1 Nd2+ 22. Ke1 {Ardelean,G (2526)-Prorok,M (2261) Hungary 2013
1/2-1/2}) ({RR} 7... Rd8 8. Be3 cxd4 9. Nxd4 Bxe2 10. Qxe2 Nf6 11. Nb5 Bd6 12.
Rd1 Qxd1+ 13. Qxd1 Bxh2+ 14. Kxh2 Rxd1 15. Bxa7 Nxa7 16. Nxa7 O-O 17. Nb5 Ne4
18. f3 Nd2 19. N5a3 Rd8 20. Kg3 h5 21. Kf2 b5 22. Ke2 {Abdulla Mahmood Abdulla
Moham (1248)-Abid,A (1850) Sharjah UAE 2019 0-1}) 8. dxc5 Bxc5 9. Bf4 $146 ({RR
} 9. Nbd2 O-O 10. Qb3 a6 11. Rd1 Rfd8 12. Nc4 Qe4 13. Be3 Bxe3 14. Nxe3 Ne5 15.
Nxg4 Nexg4 16. Qc4 Qc2 17. h3 b5 18. Qc7 Nd5 19. Qg3 Qxe2 20. Qxg4 Qxb2 21. c4
Nf6 22. Qf4 Rxd1+ 23. Rxd1 Qe2 {Kuo,T-Solomon,M Manila 1992 1/2-1/2 (33)}) ({RR
} 9. Qxd5 exd5 10. Nbd2 O-O 11. Nb3 Bb6 12. Nbd4 Bxd4 13. Nxd4 Nxd4 14. Bxg4
Nc2 15. Bf3 Nxa1 16. Bg5 Ne4 17. Bf4 Nc2 18. Rc1 Na3 19. bxa3 Rac8 20. c4 Rfe8
21. cxd5 Rxc1+ 22. Bxc1 Ng5 23. Kf1 Nxf3 {Piskac,O (1882)-Beil,O (1953)
Czechia 2005 0-1 (32)}) ({RR} 9. Qxd5 Nxd5 10. b4 Be7 11. a3 Bf6 12. Bd2 O-O
13. Ra2 Rac8 14. c4 Nb6 15. Be3 Ne5 16. Nxe5 Bxe2 17. Rxe2 Bxe5 18. Bxb6 Bb8
19. Bc5 Rfd8 20. Rd2 Re8 21. Rc2 b6 22. Be3 f5 23. g3 e5 {Lisinov,V-Galynin,D 
(2078) Moscow 2008 1-0}) 9... Qf5 10. Qc1 Nd5 11. Bg3 g5 12. Re1 Rg8 13. Nbd2
O-O-O 14. b4 Bb6 15. b5 Nce7 16. Nc4 Bxf3 17. Bxf3 Bc5 18. Be4 Qf6 19. Be5
Qxf2+ 20. Kh1 Qh4 21. a4 f5 22. Bg3 Qxg3 23. hxg3 Rg6 24. Ne3 Nxe3 25. Rxe3
Rh6+ 26. Kg1 fxe4 27. Kf2 Nf5 28. Ke2 Bxe3 29. Qa3 Rd2+ 0-1

[Event "Floripa Chess Open 2024"]
[Site "Florianopolis"]
[Date "2024.01.27"]
[Round "9.137"]
[White "Toffoli, Vanessa"]
[Black "Rodrigues, Julliano De Araujo"]
[Result "1/2-1/2"]
[WhiteElo "1466"]
[BlackElo "1779"]
[PlyCount "31"]
[EventDate "2024.01.20"]
[EventRounds "10"]
[EventCountry "BRA"]

1. e4 e5 2. f4 exf4 3. Nf3 g5 4. h4 g4 5. Ne5 d6 6. Nxg4 Be7 7. Qf3 Bxh4+ 8.
Nf2 Bg3 9. d4 Qg5 10. Bc4 Nf6 11. Kf1 Nc6 12. c3 Bg4 $146 ({RR} 12... Rg8 13.
Nd3 Bg4 14. Bxf4 Bxf3 15. Bxg5 Bxe4 16. Bxf6 Na5 17. Nd2 Bxg2+ 18. Ke2 Bxh1 19.
Rxh1 Rg6 20. Rxh7 Nxc4 21. Nxc4 Kd7 22. Bh4 Bxh4 23. Nde5+ dxe5 24. Nxe5+ Ke6
25. Nxg6 fxg6 26. Rxh4 Rf8 27. Ke3 {Zeier,R (2146)-Pielmeier,T (2181) Germany
2009 1/2-1/2}) ({RR} 12... Rg8 13. Nh3 Bxh3 14. Rxh3 O-O-O 15. Na3 Rde8 16. Bd3
Re7 17. Nc2 Rge8 18. Rxg3 Qxg3 19. Bxf4 Qh4 20. Bg3 Qg5 21. Re1 Nh5 22. Bf2 Rg8
23. Ne3 Nf4 24. Nf5 Nxd3 25. Nxe7+ Nxe7 26. Qxd3 Qxg2+ 27. Ke2 {Zigo,V (2260)
-Kawulok,M (2179) Czech Republic CZE 2019 0-1 (69)}) 13. Nxg4 Nxg4 14. Ke2 Nh2
15. Rxh2 Bxh2 16. e5 1/2-1/2

[Event "Floripa Chess Open 2024"]
[Site "Florianopolis"]
[Date "2024.01.27"]
[Round "9.138"]
[White "Ataide, Gerson Britto"]
[Black "Da Cruz, Karoliny Taiane"]
[Result "0-1"]
[WhiteElo "1463"]
[BlackElo "1774"]
[PlyCount "44"]
[EventDate "2024.01.20"]
[EventRounds "10"]
[EventCountry "BRA"]

1. e4 e5 2. Nf3 Nc6 3. Nc3 Nf6 4. d4 exd4 5. Nxd4 d6 6. Be2 Bd7 7. Be3 g6 8.
O-O Bg7 9. f4 O-O 10. Bf3 Re8 11. Nb3 $146 ({RR} 11. a3 a6 12. Qd3 Rb8 13. Rad1
b5 14. b4 Nxd4 15. Bxd4 Bc6 16. e5 Bxf3 17. exf6 Bxd1 18. fxg7 Bg4 19. Nd5 Re6
20. h3 Be2 21. Qc3 Bxf1 22. Bf6 Qd7 23. Kxf1 Rbe8 24. Bh4 c6 25. Nf6+ Rxf6 {
Oliveira,L (2166)-Hagesaether,A (2203) ICC INT 2000 0-1}) 11... Be6 12. Nd4
Nxd4 13. Bxd4 c6 14. Bf2 Qc7 15. Qd2 Rad8 16. Rad1 Qa5 17. Nd5 Qxd2 18. Nxf6+
Bxf6 19. Rxd2 Bxb2 20. Rb1 Bc3 21. Rd3 Bxa2 22. Rxb7 Bg7 0-1

[Event "Floripa Chess Open 2024"]
[Site "Florianopolis"]
[Date "2024.01.27"]
[Round "9.139"]
[White "Pereira, Thiago Henrique"]
[Black "Guerreiro, Heitor Koffermann"]
[Result "1/2-1/2"]
[WhiteElo "1772"]
[BlackElo "1467"]
[PlyCount "117"]
[EventDate "2024.01.20"]
[EventRounds "10"]
[EventCountry "BRA"]

1. e4 e6 2. c4 d5 3. cxd5 exd5 4. exd5 Qxd5 5. Nc3 Qd8 6. Nf3 Nf6 ({RR} 6...
Be6 7. d4 c6 8. Bd3 Nf6 9. O-O Be7 10. Ng5 {1/2-1/2 (10) Frog,I (2325)
-Savchenko,S (2400) Podolsk 1990}) 7. Bb5+ $146 ({RR} 7. Be2 Be7 8. O-O O-O 9.
d4 h6 10. h3 Be6 11. Be3 Nd5 12. Nxd5 Bxd5 13. a3 Nd7 14. Rc1 Bd6 15. Nd2 Nf6
16. Bf3 Re8 17. Re1 c6 18. Bxd5 Nxd5 19. Qg4 Nxe3 20. fxe3 Qb6 21. Nc4 Qc7 {
Muzychuk,M-Gordienko,A Nikolaev 2001 1-0 (32)}) ({RR} 7. d4 c6 8. h3 Be7 9. Bc4
O-O 10. O-O Nbd7 11. Ne5 Nb6 12. Bd3 Be6 13. Be3 Nfd5 14. Qh5 Nf6 15. Qe2 Re8
16. Rfd1 Nbd5 17. Na4 Bd6 18. Nc5 Bc8 19. f4 Nxe3 20. Qxe3 Nd5 21. Qf3 Qh4 {
Antoniewicz,J (1912)-Vanduyfhuys,D (2101) Polanica Zdroj POL 2021 0-1 (84)}) ({
RR} 7. Bc4 Qe7+ 8. Be2 Nc6 9. O-O Bg4 10. Re1 O-O-O 11. Ng5 Bxe2 12. Rxe2 Qd7
13. d4 h6 14. Nf3 Nxd4 15. Nxd4 Bc5 16. Be3 Bxd4 17. Rd2 c5 18. Rc1 Bxe3 19.
Rxd7 Rxd7 20. Qe1 Bxc1 21. Qxc1 Rhd8 {Novak,Z-Leitner,F Chocen 1950 0-1 (84)})
({RR} 7. Be2 Bd6 8. O-O O-O 9. d4 h6 10. Nb5 Nc6 11. Nxd6 Qxd6 12. Qc2 Bg4 13.
Be3 Rfe8 14. Bb5 Bxf3 15. gxf3 Qd5 16. Bxc6 bxc6 17. Kg2 Nd7 18. Qd1 Re6 19.
Bf4 Rg6+ 20. Bg3 Rb8 21. Qe2 f5 {Murzin,V (2039)-Suleymanli,A (1910) Porec
2015 0-1 (70)}) 7... c6 8. Be2 Be7 9. O-O O-O 10. d4 Bf5 11. h3 Nbd7 12. Nh4
Be6 13. Nf3 Nd5 14. Bd3 h6 15. Bb1 N7f6 16. Qd3 Qc7 17. Ne5 Rad8 18. a3 Bd6 19.
Nxd5 cxd5 20. f4 a6 21. g4 Bd7 22. a4 Ne4 23. Qf3 Bxe5 24. fxe5 Qc4 25. Be3
Bxa4 26. h4 Bb5 27. Re1 Qb4 28. Bxe4 dxe4 29. Qg2 Rxd4 30. Bxd4 Qxd4+ 31. Qf2
Qxe5 32. Re3 f5 33. gxf5 Rxf5 34. Qh2 Qd4 35. Rae1 Rf3 36. Qb8+ Kh7 37. Qc8
Rxe3 38. Qf5+ g6 39. Qf7+ Qg7 40. Qxg7+ Kxg7 41. Rxe3 Bc6 42. Kf2 Kf6 43. Rg3
Kf5 44. Ke3 g5 45. hxg5 hxg5 46. Rg1 g4 47. b4 Kg5 48. Rb1 g3 49. Rg1 Kg4 50.
Ke2 Kf4 51. Rf1+ Kg5 52. Rg1 e3 53. Kxe3 g2 54. Kf2 Kf4 55. Rd1 Ke5 56. Ke3 Bd5
57. Rc1 Kd6 58. Kd4 Bc6 59. Rg1 1/2-1/2